000 01619cam a2200277zu 4500
001 88973283
003 FRCYB88973283
005 20251020125717.0
006 m o d
007 cr un
008 251020s2025 fr | o|||||0|0|||fre d
020 _a9782200642099
035 _aFRCYB88973283
040 _aFR-PaCSA
_bfr
_c
_erda
100 1 _aStroobants, Marcelle
245 0 1 _aSociologie du travail
_c['Stroobants, Marcelle']
264 1 _bArmand Colin
_c2025
300 _a p.
336 _btxt
_2rdacontent
337 _bc
_2rdamdedia
338 _bc
_2rdacarrier
650 0 _a
700 0 _aStroobants, Marcelle
856 4 0 _2Cyberlibris
_uhttps://international.scholarvox.com/netsen/book/88973283
_qtext/html
_a
520 _aCet ouvrage met en perspective les épisodes caractéristiques de la mise au travail depuis la révolution industrielle jusqu’aux formes contemporaines de flexibilité. Par la voie des techniques et des organisations, les objectifs de fluidité d’abord associés à l’automatisation industrielle ont pu se généraliser tandis que la logique marchande s’est étendue en même temps.Cette quatrième édition prend acte de la multiplicité et de l’hybridation des formes de production, de la diversification de genre et de la singularité des relations qui se nouent autour du travail. Elle remet l’accent sur la pertinence du salariat pour éprouver les ressorts de l’activité et les métamorphoses des temporalités. La nouvelle conclusion révèle des prolongements inattendus des débats classiques entre sociologues du travail.
999 _c1558909
_d1558909